| 000 | 02497cam a22003133a 4500 | ||
|---|---|---|---|
| 001 | 0000775 | ||
| 003 | DO-SdBNP | ||
| 005 | 20180216144012.0 | ||
| 007 | 0000775 | ||
| 008 | 861112 1975 sp a 000 0 spa d | ||
| 010 | _a | ||
| 020 | _a8425305128 | ||
| 040 |
_aBPMSU _cspa _dBPMSU _d |
||
| 100 | 1 | _aZanini, Giuseppe | |
| 245 | 1 | 3 |
_aEl libro del cuando / _cGiuseppe Zanini ; colaboradores Andrea Bonanni...[et al] ; traducción María Antonia Menini |
| 260 |
_aEspaña : _bEdiciones Danae, _bGrijalbo, _c1975. |
||
| 300 |
_a188 p. : _bil. _c27 cm. |
||
| 490 | 0 | _aBiblioteca juvenil | |
| 505 | 2 |
_tCuándo nació la tierra -- _tCuándo se solidificó la tierra -- _tCuándo se formaron las primeras rocas -- _tCuándo se formaron las primeras montañas -- _tCuándo apareció el agua sobre la tierra -- _tCuándo se formaron los océanos -- _tCuándo se cubrió la tierra de detritos -- _tCuándo se cubrió la lava regiones enteras -- _tCuándo nació la vida en el mar -- _tCuándo carecían de vida los continentes -- _tCuándo se formó el carbón -- _tCuándo se formó el petróleo -- _tCuándo se formaron los actuales continentes -- _tCuándo se separó América de África -- _tCuándo invadieron los hielos los continentes -- _tCuándo se unió América con Asia -- _tCuándo se retiraron los hielos -- _tCuándo abandonaron las algas el agua -- _tCuándo aparecieron los primeros árboles gigantescos -- _tCuándo cubrieron los bosques la tierra -- _tCuándo aparecieron las flores sobre la tierra -- _tCuándo aparecieron los primeros animales -- _tCuándo aparecieron los primeros provistos de coraza -- _tCuándo vivieron los gigantes de concha de caracol -- _tCuándo aparecieron los animales vertebrados -- _tCuándo albergó el mar a los peces provistos de coraza -- _tCuándo aparecieron los primeros animales terrestres -- _tCuándo se convirtieron los peces en anfibios -- _tCuándo adquirieron los peces formas parecidas -- _tCuándo empezó la edad de los grandes reptiles -- _tCuándo apareció el antepasado de los dinosaurios carnívoros -- _tCuándo se extinguieron los grandes reptiles -- _tCuándo sabían volar los reptiles -- _tCuándo aparecieron los antepasados de los pájaros -- |
|
| 600 | 0 | 0 |
_a _x |
| 700 | 1 | 2 |
_aBonanni, Andrea _ecol. |
| 700 | 1 | 2 |
_aBracco, Pinaccia _ecol. |
| 700 | 1 | 2 |
_aPretto, Glauco _ecol. |
| 700 | 1 | 2 |
_aMenini, María Antonia _etrad. |
| 830 | 0 | _aBiblioteca juvenil | |
| 942 |
_2ddc _cBK |
||
| 945 | _aInventariado, 2018 / BT | ||
| 956 |
_2YLOCKWARD _310 _8BPMSU |
||
| 999 |
_c11765 _d11765 |
||